[Event "ODJM C 2024"]
[Site "Willingen GER"]
[Date "2024.05.20"]
[Round "3"]
[White "Christoffers, Julia Anne"]
[Black "Stopp, Bruno"]
[Result "0-1"]
[Termination "normal"]
[Board "24"]
[WhiteElo "1531"]
[BlackElo "1249"]
[WhiteClock "00:04:39"]
[BlackClock "00:24:35"]
[PlyCount "108"]
[WhiteFideId "16249895"]
[BlackFideId "34640347"]
[EventCountry "GER"]
[EventRounds "9"]
[EventType "swiss"]
[EventDate "2024.05.18"]

1. d4 {[%clk 01:30:58]} {[%emt 00:00:01]} d5 {[%clk 01:30:53]} {[%emt
00:00:07]} 2. Bf4 {[%clk 01:31:21]} {[%emt 00:00:08]} Bf5 {[%clk 01:31:09]}
{[%emt 00:00:13]} 3. e3 {[%clk 01:31:28]} {[%emt 00:00:23]} e6 {[%clk
01:31:28]} {[%emt 00:00:11]} 4. Nf3 {[%clk 01:31:31]} {[%emt 00:00:28]} Nf6
{[%clk 01:31:48]} {[%emt 00:00:08]} 5. Bd3 {[%clk 01:30:55]} {[%emt 00:01:07]}
Bg6 {[%clk 01:30:30]} {[%emt 00:01:47]} 6. h3 {[%clk 01:28:50]} {[%emt
00:02:37]} Be7 {[%clk 01:30:21]} {[%emt 00:00:37]} 7. c3 {[%clk 01:28:56]}
{[%emt 00:00:26]} c5 {[%clk 01:30:19]} {[%emt 00:00:31]} 8. Bxg6 {[%clk
01:24:41]} {[%emt 00:04:46]} hxg6 {[%clk 01:29:49]} {[%emt 00:01:00]} 9. O-O
{[%clk 01:23:44]} {[%emt 00:01:27]} O-O {[%clk 01:27:56]} {[%emt 00:02:23]} 10.
Nbd2 {[%clk 01:22:57]} {[%emt 00:01:17]} Nc6 {[%clk 01:26:15]} {[%emt
00:02:11]} 11. Qe2 {[%clk 01:21:57]} {[%emt 00:01:29]} Qb6 {[%clk 01:25:13]}
{[%emt 00:01:31]} 12. Rab1 {[%clk 01:14:49]} {[%emt 00:07:40]} Rac8 {[%clk
01:21:36]} {[%emt 00:04:05]} 13. Ne5 {[%clk 01:09:24]} {[%emt 00:05:57]} Nxe5
{[%clk 01:20:32]} {[%emt 00:01:34]} 14. Bxe5 {[%clk 01:09:44]} {[%emt
00:00:10]} Rfd8 {[%clk 01:18:27]} {[%emt 00:02:33]} 15. c4 {[%clk 01:05:59]}
{[%emt 00:04:17]} Qa6 {[%clk 01:16:30]} {[%emt 00:02:25]} 16. Ra1 {[%clk
01:03:57]} {[%emt 00:02:35]} dxc4 {[%clk 01:14:24]} {[%emt 00:02:35]} 17. b3
{[%clk 00:48:50]} {[%emt 00:15:36]} cxd4 {[%clk 01:12:09]} {[%emt 00:02:46]}
18. Bxd4 {[%clk 00:47:50]} {[%emt 00:01:30]} c3 {[%clk 01:09:15]} {[%emt
00:03:21]} 19. Qxa6 {[%clk 00:47:23]} {[%emt 00:01:00]} bxa6 {[%clk 01:07:09]}
{[%emt 00:02:36]} 20. Nc4 {[%clk 00:47:39]} {[%emt 00:00:14]} Ne4 {[%clk
01:05:32]} {[%emt 00:02:05]} 21. Rfd1 {[%clk 00:41:45]} {[%emt 00:06:25]} e5
{[%clk 01:03:08]} {[%emt 00:02:54]} 22. Bxe5 {[%clk 00:38:21]} {[%emt
00:03:55]} Nd2 {[%clk 01:02:06]} {[%emt 00:01:32]} 23. Bxc3 {[%clk 00:35:40]}
{[%emt 00:03:11]} Nxc4 {[%clk 01:02:17]} {[%emt 00:00:19]} 24. bxc4 {[%clk
00:36:06]} {[%emt 00:00:04]} Rxc4 {[%clk 01:01:33]} {[%emt 00:01:13]} 25. Bd4
{[%clk 00:35:21]} {[%emt 00:01:15]} Rd7 {[%clk 00:56:50]} {[%emt 00:05:12]} 26.
Rac1 {[%clk 00:32:30]} {[%emt 00:03:22]} Ra4 {[%clk 00:51:59]} {[%emt
00:05:20]} 27. Rc2 {[%clk 00:32:20]} {[%emt 00:00:42]} Bf6 {[%emt 00:03:20]}
28. Rcd2 {[%clk 00:29:11]} {[%emt 00:03:36]} Bxd4 {[%clk 00:49:08]} {[%emt
00:00:32]} 29. Rxd4 {[%clk 00:27:21]} {[%emt 00:02:22]} Rdxd4 {[%clk 00:49:12]}
{[%emt 00:00:25]} 30. Rxd4 {[%clk 00:27:42]} {[%emt 00:00:10]} Rxa2 {[%clk
00:49:30]} {[%emt 00:00:12]} 31. Rd7 {[%clk 00:27:57]} {[%emt 00:00:15]} a5
{[%clk 00:48:08]} {[%emt 00:01:51]} 32. Rxa7 {[%clk 00:27:44]} {[%emt
00:00:43]} Kf8 {[%clk 00:47:19]} {[%emt 00:01:19]} 33. Ra8+ {[%clk 00:25:11]}
{[%emt 00:03:04]} Ke7 {[%clk 00:47:32]} {[%emt 00:00:17]} 34. Ra7+ {[%clk
00:25:05]} {[%emt 00:00:36]} Ke6 {[%clk 00:46:34]} {[%emt 00:01:27]} 35. Kf1
{[%clk 00:20:56]} {[%emt 00:04:39]} a4 {[%clk 00:46:45]} {[%emt 00:00:17]} 36.
f4 {[%clk 00:17:33]} {[%emt 00:03:56]} a3 {[%clk 00:45:43]} {[%emt 00:01:30]}
37. e4 {[%clk 00:16:59]} {[%emt 00:01:06]} Ra1+ {[%clk 00:38:27]} {[%emt
00:07:46]} 38. Ke2 {[%clk 00:16:48]} {[%emt 00:00:41]} a2 {[%clk 00:38:13]}
{[%emt 00:00:44]} 39. Ra6+ {[%clk 00:16:20]} {[%emt 00:00:57]} Kd7 {[%clk
00:38:33]} {[%emt 00:00:09]} 40. Kd2 {[%clk 00:15:03]} {[%emt 00:01:48]} Kc7
{[%clk 00:37:08]} {[%emt 00:01:54]} 41. Kc2 {[%clk 00:14:54]} {[%emt 00:00:40]}
Rg1 {[%clk 00:35:46]} {[%emt 00:01:51]} 42. Rxa2 {[%clk 00:12:57]} {[%emt
00:02:29]} Rxg2+ {[%clk 00:36:04]} {[%emt 00:00:10]} 43. Kb1 {[%clk 00:13:25]}
{[%emt 00:00:03]} Rg1+ {[%clk 00:30:49]} {[%emt 00:05:45]} 44. Kc2 {[%clk
00:12:14]} {[%emt 00:01:41]} Kb6 {[%clk 00:27:34]} {[%emt 00:03:43]} 45. Rb2+
{[%clk 00:12:08]} {[%emt 00:00:39]} Kc6 {[%clk 00:27:00]} {[%emt 00:01:04]} 46.
Rb3 {[%clk 00:10:27]} {[%emt 00:02:10]} Rf1 {[%clk 00:26:41]} {[%emt 00:00:48]}
47. Rc3+ {[%clk 00:07:39]} {[%emt 00:03:21]} Kd7 {[%clk 00:26:24]} {[%emt
00:00:43]} 48. Rd3+ {[%clk 00:06:53]} {[%emt 00:01:18]} Ke6 {[%clk 00:26:15]}
{[%emt 00:00:36]} 49. f5+ {[%clk 00:03:20]} {[%emt 00:04:06]} gxf5 {[%clk
00:26:27]} {[%emt 00:00:18]} 50. exf5+ {[%clk 00:03:48]} {[%emt 00:00:03]} Rxf5
{[%clk 00:26:18]} {[%emt 00:00:38]} 51. Re3+ {[%clk 00:04:14]} {[%emt
00:00:04]} Re5 {[%clk 00:24:24]} {[%emt 00:02:25]} 52. Ra3 {[%clk 00:04:11]}
{[%emt 00:00:34]} f5 {[%clk 00:24:03]} {[%emt 00:00:49]} 53. Ra6+ {[%clk
00:04:20]} {[%emt 00:00:21]} Kf7 {[%clk 00:24:21]} {[%emt 00:00:10]} 54. Ra7+
{[%clk 00:04:39]} {[%emt 00:00:14]} Kg6 {[%clk 00:24:35]} {[%emt 00:00:11]} 0-1

[Event "ODJM C 2024"]
[Site "Willingen GER"]
[Date "2024.05.20"]
[Round "3"]
[White "Albrecht, Sidney Jenna"]
[Black "Sniegowski, Victoria"]
[Result "1-0"]
[Termination "normal"]
[Board "25"]
[WhiteElo "1616"]
[BlackElo "1001"]
[WhiteClock "00:49:42"]
[BlackClock "00:53:59"]
[PlyCount "111"]
[WhiteFideId "34660283"]
[BlackFideId "34675612"]
[EventCountry "GER"]
[EventRounds "9"]
[EventType "swiss"]
[EventDate "2024.05.18"]

1. c4 {[%clk 01:30:57]} {[%emt 00:00:03]} Nf6 {[%clk 01:30:50]} {[%emt
00:00:10]} 2. Nc3 {[%clk 01:31:15]} {[%emt 00:00:12]} g6 {[%clk 01:30:55]}
{[%emt 00:00:26]} 3. e4 {[%clk 01:28:48]} {[%emt 00:02:56]} d6 {[%clk
01:31:03]} {[%emt 00:00:22]} 4. d4 {[%clk 01:28:39]} {[%emt 00:00:39]} Bg7
{[%clk 01:31:12]} {[%emt 00:00:21]} 5. g3 {[%clk 01:27:17]} {[%emt 00:01:53]}
b6 {[%clk 01:28:46]} {[%emt 00:02:57]} 6. Bg2 {[%clk 01:26:30]} {[%emt
00:01:16]} Bb7 {[%clk 01:28:11]} {[%emt 00:01:05]} 7. Nge2 {[%clk 01:24:26]}
{[%emt 00:02:33]} O-O {[%clk 01:28:25]} {[%emt 00:00:16]} 8. O-O {[%clk
01:22:53]} {[%emt 00:02:03]} Nbd7 {[%clk 01:28:12]} {[%emt 00:00:44]} 9. Re1
{[%clk 01:20:43]} {[%emt 00:02:39]} c5 {[%clk 01:24:24]} {[%emt 00:04:18]} 10.
e5 {[%clk 01:18:31]} {[%emt 00:02:43]} Ne4 {[%clk 01:15:24]} {[%emt 00:09:30]}
11. Nxe4 {[%clk 01:17:40]} {[%emt 00:01:20]} Bxe4 {[%clk 01:15:26]} {[%emt
00:00:28]} 12. Bxe4 {[%clk 01:18:02]} {[%emt 00:00:08]} Rb8 {[%clk 01:14:31]}
{[%emt 00:01:26]} 13. dxc5 {[%clk 01:16:07]} {[%emt 00:02:25]} Nxc5 {[%clk
01:13:26]} {[%emt 00:01:35]} 14. Bg2 {[%clk 01:13:14]} {[%emt 00:03:22]} Bxe5
{[%clk 01:13:01]} {[%emt 00:00:55]} 15. Nd4 {[%clk 01:12:00]} {[%emt 00:01:45]}
Rc8 {[%clk 01:10:35]} {[%emt 00:02:56]} 16. Nc6 {[%clk 01:11:06]} {[%emt
00:01:24]} Qd7 {[%clk 01:08:18]} {[%emt 00:02:47]} 17. Nxe5 {[%clk 01:10:05]}
{[%emt 00:01:31]} dxe5 {[%clk 01:07:26]} {[%emt 00:01:22]} 18. Qxd7 {[%clk
01:10:26]} {[%emt 00:00:09]} Nxd7 {[%clk 01:07:48]} {[%emt 00:00:08]} 19. Bh3
{[%clk 01:10:02]} {[%emt 00:00:53]} f5 {[%clk 01:06:50]} {[%emt 00:01:29]} 20.
Bg5 {[%clk 01:09:13]} {[%emt 00:01:18]} e6 {[%clk 01:06:31]} {[%emt 00:00:50]}
21. Rad1 {[%clk 01:08:30]} {[%emt 00:01:13]} Nc5 {[%clk 01:05:28]} {[%emt
00:01:32]} 22. Rxe5 {[%clk 01:07:16]} {[%emt 00:01:44]} Rfe8 {[%clk 01:04:30]}
{[%emt 00:01:29]} 23. Be3 {[%clk 01:03:51]} {[%emt 00:03:54]} Na4 {[%clk
01:04:27]} {[%emt 00:00:33]} 24. b3 {[%clk 01:03:18]} {[%emt 00:01:04]} Nc3
{[%clk 01:03:35]} {[%emt 00:01:22]} 25. Rd7 {[%clk 01:02:57]} {[%emt 00:00:50]}
a6 {[%clk 01:02:52]} {[%emt 00:01:13]} 26. Bxb6 {[%clk 01:02:03]} {[%emt
00:01:25]} Rc6 {[%clk 01:02:35]} {[%emt 00:00:46]} 27. Rd8 {[%clk 01:00:50]}
{[%emt 00:01:43]} Rxd8 {[%clk 01:02:35]} {[%emt 00:00:31]} 28. Bxd8 {[%clk
01:01:13]} {[%emt 00:00:07]} Rd6 {[%clk 01:01:38]} {[%emt 00:01:26]} 29. Ba5
{[%clk 00:59:37]} {[%emt 00:02:07]} Nxa2 {[%clk 01:01:40]} {[%emt 00:00:28]}
30. Re1 {[%clk 00:58:47]} {[%emt 00:01:19]} Rd3 {[%clk 00:57:17]} {[%emt
00:04:53]} 31. Ra1 {[%clk 00:57:34]} {[%emt 00:01:42]} Nc3 {[%clk 00:56:24]}
{[%emt 00:01:24]} 32. Bxc3 {[%clk 00:57:18]} {[%emt 00:00:46]} Rxc3 {[%clk
00:56:17]} {[%emt 00:00:37]} 33. Rxa6 {[%clk 00:57:32]} {[%emt 00:00:16]} Rxb3
{[%clk 00:56:30]} {[%emt 00:00:17]} 34. Rxe6 {[%clk 00:57:49]} {[%emt
00:00:13]} Rb1+ {[%clk 00:56:43]} {[%emt 00:00:17]} 35. Bf1 {[%clk 00:57:55]}
{[%emt 00:00:25]} Kf7 {[%clk 00:56:10]} {[%emt 00:01:02]} 36. Rd6 {[%clk
00:57:23]} {[%emt 00:01:03]} Ke7 {[%clk 00:56:06]} {[%emt 00:00:34]} 37. Rd5
{[%clk 00:57:09]} {[%emt 00:00:44]} Ke6 {[%clk 00:56:17]} {[%emt 00:00:19]} 38.
Kg2 {[%clk 00:57:14]} {[%emt 00:00:25]} Rc1 {[%clk 00:56:24]} {[%emt 00:00:22]}
39. Be2 {[%clk 00:57:20]} {[%emt 00:00:24]} Rc3 {[%clk 00:56:25]} {[%emt
00:00:29]} 40. Bd3 {[%clk 00:55:25]} {[%emt 00:02:25]} g5 {[%clk 00:55:01]}
{[%emt 00:01:55]} 41. Bxf5+ {[%clk 00:55:18]} {[%emt 00:00:37]} Kf6 {[%clk
00:55:04]} {[%emt 00:00:26]} 42. c5 {[%clk 00:55:22]} {[%emt 00:00:27]} h5
{[%clk 00:54:30]} {[%emt 00:01:03]} 43. Bd7 {[%clk 00:53:41]} {[%emt 00:02:12]}
Rc2 {[%clk 00:53:45]} {[%emt 00:01:14]} 44. c6 {[%clk 00:53:23]} {[%emt
00:00:49]} Rc3 {[%clk 00:53:50]} {[%emt 00:00:25]} 45. Rb5 {[%clk 00:53:22]}
{[%emt 00:00:31]} Ke7 {[%clk 00:53:18]} {[%emt 00:01:01]} 46. Rb7 {[%clk
00:53:30]} {[%emt 00:00:22]} Kd8 {[%clk 00:52:52]} {[%emt 00:00:56]} 47. Rb5
{[%clk 00:49:07]} {[%emt 00:04:54]} g4 {[%clk 00:52:31]} {[%emt 00:00:52]} 48.
Rxh5 {[%clk 00:49:15]} {[%emt 00:00:21]} Rc4 {[%clk 00:52:51]} {[%emt
00:00:10]} 49. Rg5 {[%clk 00:49:08]} {[%emt 00:00:37]} Kc7 {[%clk 00:52:47]}
{[%emt 00:00:34]} 50. Rxg4 {[%clk 00:49:25]} {[%emt 00:00:12]} Rc3 {[%clk
00:52:53]} {[%emt 00:00:24]} 51. h4 {[%clk 00:49:04]} {[%emt 00:00:51]} Kd8
{[%clk 00:53:17]} {[%emt 00:00:07]} 52. h5 {[%clk 00:49:23]} {[%emt 00:00:11]}
Ke7 {[%clk 00:53:33]} {[%emt 00:00:14]} 53. h6 {[%clk 00:49:37]} {[%emt
00:00:16]} Ra3 {[%clk 00:53:38]} {[%emt 00:00:24]} 54. h7 {[%clk 00:49:56]}
{[%emt 00:00:11]} Ra8 {[%clk 00:53:58]} {[%emt 00:00:10]} 55. Rg8 {[%clk
00:50:17]} {[%emt 00:00:09]} Rxg8 {[%clk 00:53:59]} {[%emt 00:00:29]} 56.
hxg8=Q {[%clk 00:49:42]} {[%emt 00:00:09]} 1-0

[Event "ODJM C 2024"]
[Site "Willingen GER"]
[Date "2024.05.20"]
[Round "3"]
[White "Mahr, Mikka"]
[Black "Fischer, John"]
[Result "0-1"]
[Termination "normal"]
[Board "26"]
[WhiteElo "1016"]
[BlackElo "1614"]
[WhiteClock "01:06:23"]
[BlackClock "01:31:15"]
[PlyCount "62"]
[WhiteFideId "34699597"]
[BlackFideId "16268679"]
[EventCountry "GER"]
[EventRounds "9"]
[EventType "swiss"]
[EventDate "2024.05.18"]

1. e4 {[%clk 01:30:56]} {[%emt 00:00:02]} d5 {[%clk 01:30:58]} {[%emt
00:00:05]} 2. d3 {[%clk 01:31:14]} {[%emt 00:00:12]} dxe4 {[%clk 01:31:21]}
{[%emt 00:00:07]} 3. dxe4 {[%emt 00:00:11]} Qxd1+ {[%emt 00:00:03]} 4. Kxd1
{[%clk 01:31:04]} {[%emt 00:00:17]} Nf6 {[%clk 01:31:44]} {[%emt 00:00:16]} 5.
Nc3 {[%clk 01:31:20]} {[%emt 00:00:14]} e5 {[%clk 01:31:52]} {[%emt 00:00:21]}
6. Nf3 {[%clk 01:31:39]} {[%emt 00:00:11]} Nc6 {[%clk 01:32:16]} {[%emt
00:00:07]} 7. Bc4 {[%clk 01:31:51]} {[%emt 00:00:17]} Bg4 {[%clk 01:32:31]}
{[%emt 00:00:16]} 8. Ke2 {[%clk 01:30:55]} {[%emt 00:01:27]} Nd4+ {[%clk
01:32:11]} {[%emt 00:00:49]} 9. Kd1 {[%clk 01:29:57]} {[%emt 00:01:27]} Nxf3
{[%clk 01:32:31]} {[%emt 00:00:11]} 10. Be2 {[%clk 01:19:26]} {[%emt 00:11:00]}
O-O-O+ {[%clk 01:32:45]} {[%emt 00:00:17]} 11. Bd3 {[%clk 01:19:09]} {[%emt
00:00:47]} Nd4+ {[%clk 01:33:04]} {[%emt 00:00:12]} 12. f3 {[%clk 01:19:21]}
{[%emt 00:00:17]} Nxf3 {[%clk 01:33:22]} {[%emt 00:00:12]} 13. h3 {[%clk
01:19:05]} {[%emt 00:00:46]} Bh5 {[%clk 01:33:28]} {[%emt 00:00:25]} 14. g4
{[%clk 01:18:55]} {[%emt 00:00:39]} Bg6 {[%clk 01:33:54]} {[%emt 00:00:06]} 15.
h4 {[%clk 01:18:36]} {[%emt 00:00:48]} Bxe4 {[%clk 01:33:54]} {[%emt 00:00:30]}
16. g5 {[%clk 01:18:12]} {[%emt 00:00:54]} Bxd3 {[%clk 01:33:38]} {[%emt
00:00:47]} 17. cxd3 {[%clk 01:18:20]} {[%emt 00:00:22]} Ng4 {[%clk 01:33:59]}
{[%emt 00:00:08]} 18. Ke2 {[%clk 01:17:31]} {[%emt 00:01:19]} Nd4+ {[%clk
01:34:16]} {[%emt 00:00:13]} 19. Kf1 {[%clk 01:16:53]} {[%emt 00:01:07]} Nc2
{[%clk 01:33:32]} {[%emt 00:01:16]} 20. Rb1 {[%clk 01:17:13]} {[%emt 00:00:09]}
Rxd3 {[%clk 01:33:56]} {[%emt 00:00:07]} 21. Ke2 {[%clk 01:15:51]} {[%emt
00:01:51]} Rd7 {[%clk 01:34:08]} {[%emt 00:00:19]} 22. Kf3 {[%clk 01:15:55]}
{[%emt 00:00:26]} f5 {[%clk 01:34:24]} {[%emt 00:00:14]} 23. b3 {[%clk
01:12:48]} {[%emt 00:03:37]} g6 {[%clk 01:33:36]} {[%emt 00:01:18]} 24. Bb2
{[%clk 01:12:28]} {[%emt 00:00:50]} Nd4+ {[%clk 01:33:13]} {[%emt 00:00:52]}
25. Kg2 {[%clk 01:11:54]} {[%emt 00:01:04]} Ne3+ {[%clk 01:32:48]} {[%emt
00:00:56]} 26. Kh3 {[%clk 01:11:33]} {[%emt 00:00:50]} h6 {[%clk 01:31:21]}
{[%emt 00:01:57]} 27. gxh6 {[%clk 01:09:14]} {[%emt 00:02:42]} Rxh6 {[%clk
01:31:31]} {[%emt 00:00:28]} 28. Bc1 {[%clk 01:07:55]} {[%emt 00:01:49]} f4
{[%clk 01:31:17]} {[%emt 00:00:44]} 29. Ne4 {[%clk 01:07:13]} {[%emt 00:01:12]}
Be7 {[%clk 01:31:03]} {[%emt 00:00:43]} 30. Kh2 {[%clk 01:06:24]} {[%emt
00:01:18]} Nf3+ {[%clk 01:30:59]} {[%emt 00:00:35]} 31. Kh3 {[%clk 01:06:23]}
{[%emt 00:00:31]} Rxh4# {[%clk 01:31:15]} {[%emt 00:00:15]} 0-1

[Event "ODJM C 2024"]
[Site "Willingen GER"]
[Date "2024.05.20"]
[Round "3"]
[White "Berger, Jennifer"]
[Black "Piotrowski, Jaro"]
[Result "1-0"]
[Termination "normal"]
[Board "27"]
[WhiteElo "1462"]
[BlackElo "1223"]
[WhiteClock "01:12:20"]
[BlackClock "01:26:00"]
[PlyCount "71"]
[WhiteFideId "34630074"]
[BlackFideId "34664629"]
[EventCountry "GER"]
[EventRounds "9"]
[EventType "swiss"]
[EventDate "2024.05.18"]

1. e4 {[%clk 01:30:59]} e5 {[%clk 01:30:43]} {[%emt 00:00:17]} 2. Nf3 {[%clk
01:31:20]} {[%emt 00:00:09]} Nc6 {[%clk 01:30:40]} {[%emt 00:00:32]} 3. d4
{[%clk 01:31:29]} {[%emt 00:00:21]} exd4 {[%clk 01:31:03]} {[%emt 00:00:07]} 4.
Nxd4 {[%clk 01:31:54]} {[%emt 00:00:06]} Bc5 {[%clk 01:31:12]} {[%emt
00:00:21]} 5. Nb3 {[%clk 01:32:08]} {[%emt 00:00:17]} Bb6 {[%clk 01:31:29]}
{[%emt 00:00:12]} 6. Nc3 {[%clk 01:32:07]} {[%emt 00:00:31]} d6 {[%clk
01:31:19]} {[%emt 00:00:40]} 7. Bd3 {[%clk 01:31:07]} {[%emt 00:01:31]} Nf6
{[%clk 01:31:22]} {[%emt 00:00:25]} 8. O-O {[%clk 01:31:28]} {[%emt 00:00:11]}
Bg4 {[%clk 01:31:30]} {[%emt 00:00:18]} 9. Ne2 {[%clk 01:29:48]} {[%emt
00:02:13]} O-O {[%clk 01:31:33]} {[%emt 00:00:26]} 10. h3 {[%clk 01:30:00]}
{[%emt 00:00:19]} Bh5 {[%clk 01:31:42]} {[%emt 00:00:19]} 11. Bg5 {[%clk
01:30:11]} {[%emt 00:00:21]} h6 {[%clk 01:32:02]} {[%emt 00:00:08]} 12. Bh4
{[%clk 01:30:07]} {[%emt 00:00:30]} Re8 {[%clk 01:32:06]} {[%emt 00:00:31]} 13.
Nd2 {[%clk 01:28:26]} {[%emt 00:02:12]} Nd4 {[%clk 01:32:07]} {[%emt 00:00:29]}
14. c3 {[%clk 01:26:54]} {[%emt 00:02:03]} Ne6 {[%clk 01:32:14]} {[%emt
00:00:22]} 15. Qc2 {[%clk 01:26:08]} {[%emt 00:01:17]} Bxe2 {[%clk 01:31:25]}
{[%emt 00:01:19]} 16. Bxe2 {[%clk 01:26:07]} {[%emt 00:00:31]} Nf4 {[%clk
01:31:49]} {[%emt 00:00:06]} 17. Bd3 {[%clk 01:23:34]} {[%emt 00:03:02]} Nxd3
{[%clk 01:31:52]} {[%emt 00:00:29]} 18. Qxd3 {[%clk 01:23:55]} {[%emt
00:00:09]} d5 {[%clk 01:32:01]} {[%emt 00:00:21]} 19. Bxf6 {[%clk 01:22:51]}
{[%emt 00:01:34]} Qxf6 {[%clk 01:32:20]} {[%emt 00:00:11]} 20. exd5 {[%clk
01:22:38]} {[%emt 00:00:43]} Rad8 {[%clk 01:32:03]} {[%emt 00:00:47]} 21. Nc4
{[%clk 01:20:23]} {[%emt 00:02:46]} Bc5 {[%clk 01:31:49]} {[%emt 00:00:44]} 22.
b4 {[%clk 01:20:08]} {[%emt 00:00:44]} Bf8 {[%clk 01:32:10]} {[%emt 00:00:09]}
23. Rfe1 {[%clk 01:18:01]} {[%emt 00:02:37]} b5 {[%clk 01:32:12]} {[%emt
00:00:29]} 24. Na5 {[%clk 01:17:34]} {[%emt 00:00:57]} Bd6 {[%clk 01:31:21]}
{[%emt 00:01:19]} 25. Nc6 {[%clk 01:17:09]} {[%emt 00:00:56]} Ra8 {[%clk
01:31:18]} {[%emt 00:00:34]} 26. Rxe8+ {[%clk 01:15:56]} {[%emt 00:01:42]} Rxe8
{[%clk 01:31:41]} {[%emt 00:00:07]} 27. Nxa7 {[%clk 01:16:16]} {[%emt
00:00:10]} Bxb4 {[%clk 01:32:00]} {[%emt 00:00:12]} 28. Qxb5 {[%clk 01:16:03]}
{[%emt 00:00:42]} Ra8 {[%clk 01:31:23]} {[%emt 00:01:08]} 29. Qxb4 {[%clk
01:15:35]} {[%emt 00:00:57]} Re8 {[%clk 01:30:31]} {[%emt 00:01:20]} 30. Nc6
{[%clk 01:14:52]} {[%emt 00:01:14]} Re2 {[%clk 01:30:46]} {[%emt 00:00:16]} 31.
Qd4 {[%clk 01:13:06]} {[%emt 00:02:15]} Qg6 {[%clk 01:30:02]} {[%emt 00:01:14]}
32. Kf1 {[%clk 01:12:28]} {[%emt 00:01:07]} Re4 {[%clk 01:30:24]} {[%emt
00:00:09]} 33. Qa7 {[%clk 01:11:30]} {[%emt 00:01:29]} Rc4 {[%clk 01:25:14]}
{[%emt 00:05:40]} 34. Ne7+ {[%clk 01:11:43]} {[%emt 00:00:17]} Kh7 {[%clk
01:25:33]} {[%emt 00:00:11]} 35. Nxg6 {[%clk 01:12:06]} {[%emt 00:00:06]} Kxg6
{[%clk 01:26:00]} {[%emt 00:00:03]} 36. Qa6+ {[%clk 01:12:20]} {[%emt
00:00:17]} 1-0

[Event "ODJM C 2024"]
[Site "Willingen GER"]
[Date "2024.05.20"]
[Round "3"]
[White "Martens, Nele"]
[Black "Weidenhöfer, Ben"]
[Result "0-1"]
[Termination "normal"]
[Board "29"]
[WhiteElo "762"]
[BlackElo "1554"]
[WhiteClock "01:17:36"]
[BlackClock "01:17:06"]
[PlyCount "56"]
[WhiteFideId "533001952"]
[BlackFideId "16273702"]
[EventCountry "GER"]
[EventRounds "9"]
[EventType "swiss"]
[EventDate "2024.05.18"]

1. e4 {[%emt 00:00:01]} c6 {[%clk 01:30:54]} {[%emt 00:00:05]} 2. Nf3 {[%emt
00:00:12]} d5 {[%clk 01:31:15]} {[%emt 00:00:06]} 3. exd5 {[%clk 01:31:32]}
{[%emt 00:00:18]} cxd5 {[%clk 01:31:35]} {[%emt 00:00:09]} 4. Nc3 {[%clk
01:31:43]} {[%emt 00:00:19]} Bf5 {[%clk 01:31:33]} {[%emt 00:00:33]} 5. Bb5+
{[%clk 01:31:10]} {[%emt 00:01:02]} Bd7 {[%clk 01:29:00]} {[%emt 00:03:03]} 6.
Bxd7+ {[%clk 01:31:22]} {[%emt 00:00:18]} Qxd7 {[%clk 01:29:13]} {[%emt
00:00:17]} 7. d3 {[%clk 01:31:33]} {[%emt 00:00:19]} Nc6 {[%clk 01:28:47]}
{[%emt 00:00:56]} 8. Bg5 {[%emt 00:01:19]} e6 {[%clk 01:28:16]} {[%emt
00:01:00]} 9. O-O {[%clk 01:30:47]} {[%emt 00:00:28]} Bd6 {[%clk 01:27:26]}
{[%emt 00:01:21]} 10. Qe2 {[%clk 01:29:50]} {[%emt 00:01:27]} Nge7 {[%clk
01:26:42]} {[%emt 00:01:14]} 11. Rad1 {[%clk 01:27:48]} {[%emt 00:02:31]} O-O
{[%clk 01:26:25]} {[%emt 00:00:47]} 12. Nb5 {[%clk 01:21:32]} {[%emt 00:06:46]}
Bb8 {[%clk 01:25:06]} {[%emt 00:01:50]} 13. d4 {[%clk 01:21:01]} {[%emt
00:01:00]} Nf5 {[%clk 01:23:44]} {[%emt 00:01:52]} 14. Rfe1 {[%clk 01:20:51]}
{[%emt 00:00:40]} a6 {[%clk 01:23:29]} {[%emt 00:00:46]} 15. Nc3 {[%clk
01:20:48]} {[%emt 00:00:32]} Qc7 {[%clk 01:21:37]} {[%emt 00:02:23]} 16. Qd2
{[%clk 01:18:24]} {[%emt 00:02:53]} Nfxd4 {[%clk 01:16:16]} {[%emt 00:05:52]}
17. Nxd4 {[%clk 01:18:05]} {[%emt 00:00:49]} Nxd4 {[%clk 01:16:39]} {[%emt
00:00:07]} 18. Qxd4 {[%clk 01:18:07]} {[%emt 00:00:27]} Qxh2+ {[%clk 01:16:54]}
{[%emt 00:00:16]} 19. Kf1 {[%clk 01:18:19]} {[%emt 00:00:18]} Qh1+ {[%clk
01:17:05]} {[%emt 00:00:19]} 20. Ke2 {[%clk 01:18:37]} {[%emt 00:00:11]} Qh5+
{[%clk 01:17:07]} {[%emt 00:00:28]} 21. f3 {[%clk 01:18:26]} {[%emt 00:00:41]}
Qxg5 {[%clk 01:17:20]} {[%emt 00:00:17]} 22. Kf2 {[%clk 01:18:06]} {[%emt
00:00:49]} Bg3+ {[%clk 01:17:18]} {[%emt 00:00:33]} 23. Kf1 {[%clk 01:17:48]}
{[%emt 00:00:47]} Bxe1 {[%clk 01:17:37]} {[%emt 00:00:11]} 24. Rxe1 {[%clk
01:18:03]} {[%emt 00:00:14]} Rac8 {[%clk 01:17:44]} {[%emt 00:00:24]} 25. f4
{[%clk 01:17:46]} {[%emt 00:00:47]} Qh4 {[%clk 01:16:44]} {[%emt 00:01:30]} 26.
Rd1 {[%clk 01:17:38]} {[%emt 00:00:38]} Rc4 {[%clk 01:16:44]} {[%emt 00:00:30]}
27. Qd3 {[%clk 01:17:27]} {[%emt 00:00:41]} Rxf4+ {[%clk 01:16:56]} {[%emt
00:00:18]} 28. Ke2 {[%clk 01:17:36]} {[%emt 00:00:20]} Qf2# {[%clk 01:17:06]}
{[%emt 00:00:21]} 0-1